Random Base Conversion - Binary to Decimal - Statistics

General Stats
  • This quiz has been taken 140 times
  • The average score is 14 of 20
Answer Stats
Binary Decimal % Correct
00000000 0
100%
00001010 10
100%
01100101 101
100%
01100110 102
100%
01100111 103
100%
01101011 107
100%
01101100 108
100%
01101101 109
100%
01101110 110
100%
01101111 111
100%
01110000 112
100%
01110001 113
100%
01110011 115
100%
01110101 117
100%
01110110 118
100%
00001100 12
100%
01111001 121
100%
01111011 123
100%
01111100 124
100%
01111101 125
100%
01111111 127
100%
10000001 129
100%
10000010 130
100%
10000011 131
100%
10000101 133
100%
10001001 137
100%
10001010 138
100%
10001011 139
100%
00001110 14
100%
10001110 142
100%
10001111 143
100%
10010001 145
100%
10010101 149
100%
10011000 152
100%
10011101 157
100%
00010000 16
100%
10100001 161
100%
10100010 162
100%
10100101 165
100%
10100110 166
100%
10100111 167
100%
10101000 168
100%
10101100 172
100%
10101101 173
100%
10101110 174
100%
10110000 176
100%
10110001 177
100%
00010010 18
100%
10110100 180
100%
10110111 183
100%
10111011 187
100%
00010011 19
100%
11000000 192
100%
11000001 193
100%
11000011 195
100%
11000100 196
100%
11001000 200
100%
11001011 203
100%
11001100 204
100%
00010101 21
100%
11011000 216
100%
11011001 217
100%
11011010 218
100%
00010110 22
100%
11011101 221
100%
11011111 223
100%
11100010 226
100%
11100011 227
100%
11100100 228
100%
00010111 23
100%
00011000 24
100%
11110001 241
100%
11110010 242
100%
11110101 245
100%
11110110 246
100%
11110111 247
100%
11111001 249
100%
11111010 250
100%
11111011 251
100%
11111110 254
100%
11111111 255
100%
00011010 26
100%
00011100 28
100%
00011110 30
100%
00011111 31
100%
00100000 32
100%
00100001 33
100%
00100011 35
100%
00100101 37
100%
00100111 39
100%
00000100 4
100%
00101010 42
100%
00101011 43
100%
00101100 44
100%
00110000 48
100%
00000101 5
100%
00110101 53
100%
00110110 54
100%
00110111 55
100%
00111000 56
100%
00111010 58
100%
00000110 6
100%
00111100 60
100%
00111110 62
100%
01000000 64
100%
01000001 65
100%
01000010 66
100%
01000011 67
100%
01000100 68
100%
00000111 7
100%
01000110 70
100%
01000111 71
100%
01001001 73
100%
01001010 74
100%
01001011 75
100%
01001100 76
100%
01001101 77
100%
01001111 79
100%
00001000 8
100%
01010000 80
100%
01010100 84
100%
01010101 85
100%
01010110 86
100%
01011001 89
100%
00001001 9
100%
01011011 91
100%
01011111 95
100%
00100110 38
86%
10111010 186
80%
11011011 219
80%
00011101 29
80%
00100100 36
80%
01011010 90
80%
01100100 100
75%
01101000 104
75%
10000100 132
75%
10000111 135
75%
10010000 144
75%
10010111 151
75%
10011100 156
75%
10011111 159
75%
11001110 206
75%
00000011 3
75%
00111101 61
75%
01010001 81
75%
01110010 114
67%
01111000 120
67%
10001100 140
67%
10001101 141
67%
10010011 147
67%
10011011 155
67%
10101011 171
67%
10110010 178
67%
11000010 194
67%
11010011 211
67%
11100001 225
67%
11101010 234
67%
11101101 237
67%
11101110 238
67%
00100010 34
67%
00101101 45
67%
01000101 69
67%
01011101 93
67%
01100000 96
67%
01100011 99
67%
01111110 126
60%
00001111 15
60%
00000010 2
60%
00110001 49
60%
01001000 72
60%
01101010 106
50%
00001011 11
50%
10000000 128
50%
10010110 150
50%
10011110 158
50%
10101001 169
50%
10101010 170
50%
10101111 175
50%
10110011 179
50%
10111001 185
50%
10111111 191
50%
11000110 198
50%
11000111 199
50%
00010100 20
50%
11001010 202
50%
11001101 205
50%
11010000 208
50%
11010010 210
50%
11010110 214
50%
11010111 215
50%
11011110 222
50%
11100000 224
50%
11100101 229
50%
11100110 230
50%
11101000 232
50%
11101011 235
50%
11110100 244
50%
11111101 253
50%
00101001 41
50%
00101110 46
50%
00110010 50
50%
00110100 52
50%
00111011 59
50%
00111111 63
50%
01001110 78
50%
01010111 87
50%
01011100 92
50%
01011110 94
50%
01100010 98
50%
01110100 116
40%
10001000 136
40%
00010001 17
33%
10111000 184
33%
11010001 209
33%
11100111 231
33%
11110011 243
33%
01110111 119
25%
10010100 148
25%
10110101 181
25%
11001001 201
25%
11101001 233
25%
11101100 236
25%
00101111 47
25%
01100001 97
25%
10111100 188
20%
00000001 1
0%
01101001 105
0%
01111010 122
0%
00001101 13
0%
10000110 134
0%
10010010 146
0%
10011001 153
0%
10011010 154
0%
10100000 160
0%
10100011 163
0%
10100100 164
0%
10110110 182
0%
10111101 189
0%
10111110 190
0%
11000101 197
0%
11001111 207
0%
11010100 212
0%
11010101 213
0%
11011100 220
0%
11101111 239
0%
11110000 240
0%
11111000 248
0%
00011001 25
0%
11111100 252
0%
00011011 27
0%
00101000 40
0%
00110011 51
0%
00111001 57
0%
01010010 82
0%
01010011 83
0%
01011000 88
0%
No matching quizzes found
Score Distribution
Percent of People with Each Score
Percentile by Number Answered
Your Score History
You have not taken this quiz